| 000 | 00646cam a22002413a 4500 | ||
|---|---|---|---|
| 001 | 17249 | ||
| 003 | PGUSA | ||
| 005 | 20140828083352.0 | ||
| 008 | 051207s2005||||xxu|||||s|||||000 1 eng d | ||
| 040 |
_aPGUSA _beng |
||
| 042 | _adc | ||
| 050 | 4 | _aBX | |
| 050 | 4 | _aPS | |
| 100 | 1 |
_aAnderson, Nephi, _d1865-1923 |
|
| 245 | 1 | 0 |
_aAdded Upon : _bA Story _h[electronic resource] / _cNephi Anderson |
| 260 |
_bProject Gutenberg, _c2005 |
||
| 506 | _aPublic domain in the USA. | ||
| 516 | _aElectronic text | ||
| 653 | _aMormons -- Fiction | ||
| 830 | 0 |
_aProject Gutenberg _v17249 |
|
| 856 | 4 | 0 | _uhttp://www.gutenberg.org/ebooks/17249 |
| 942 | _cEB | ||
| 999 |
_c246504 _d246504 |
||